00550cam a22001811 450000100060000000300080000600500170001400800390003103500190007004000320008904100080012108200180012910000370014724500570018426000500024130000390029160000380033025758BD-RjUL20211209050926.0140319s1966 ii ha 000 0 eng a(BD-RjUL)25828 aDLCcDLCdDLCdBD-RjULbeng aeng a954bKUS 19661 aKurti, Kitty. [from old catalog]10aSubhas Chandra Bose as I knew him /cby Kitty Kurti. aCalcutta :bFirma K. L. Mukhopadhyay,cc1966. a66 p. :billus., facsims ;c22 cm.10aBose, Subhas Chandra,d1897-1945.